Superpowers Geography Quiz Stats

Quiz not verified by Sporcle

Challenge
Share
Tweet
Embed
Score 0/22 Timer 05:00
0 Plays Today
Answer % Correct
UN
93.6%
EU
81.3%
NATO
77.2%
World Bank
74.3%
Communism
71.9%
IMF
65.5%
WTO
64.3%
Capitalism
61.4%
BRIC's
60.2%
Superpower
59.6%
Colonialism
42.1%
Answer % Correct
OECD
41.5%
Bi-polar World
40.9%
Uni-polar World
39.8%
Imperialism
34.5%
Hyperpower
33.9%
UN Security Council
33.9%
Cultural Hegemony
31.6%
IGO
31%
Multi-polar World
29.8%
Neo-colonial Rule
27.5%
Emerging Economy
26.9%

You're not logged in!

Compare scores with friends on all Sporcle quizzes.
Sign Up with Email
OR
Log In

You Might Also Like...

Show Comments

Extras

Top Quizzes Today


Score Distribution

Your Account Isn't Verified!

In order to create a playlist on Sporcle, you need to verify the email address you used during registration. Go to your Sporcle Settings to finish the process.